000 02520cam a22004817i 4500
999 _c10576
_d10576
001 18340756
003 GZU
005 20220609100724.0
007 cr cnunnn|uu|u
008 141020s2015 enka b 001 0 eng d
010 _a 2014954694
015 _aGBB554408
_2bnb
020 _a9780198724469
_q(hbk.)
020 _a0198724462
_q(hbk.)
020 _a9780191036545
020 _a9780198842385
020 _a0191036544
035 _a(OCoLC)ocn914353633
040 _aNLE
_beng
_cNLE
_erda
_dOCLCO
_dYDXCP
_dBTCTA
_dBDX
_dDHA
_dCDX
_dMOU
_dDTM
_dDGU
_dS3O
_dOCLCA
_dERL
_dDLC
042 _alccopycat
050 0 0 _aBR764
_b.STR 2015
100 1 _aStrhan, Anna,
_eauthor.
245 1 0 _aAliens and strangers? :
_bthe struggle for coherence in the everyday lives of evangelicals /
_cAnna Strhan.
250 _aFirst edition.
264 1 _aOxford, United Kingdom :
_bOxford University Press,
_c2015.
300 _avii, 232 pages :
_billustrations ;
_c24 cm
336 _atext
_2rdacontent
337 _aunmediated
_2rdamedia
338 _avolume
_2rdacarrier
504 _aIncludes bibliographical references (pages 211-223) and index.
505 0 _aModernity, faith, and the city -- Dividing the subject : embodiment, interrelationality, and ethical subjectivity -- Speaking subjects : difference, indifference, and moral fragmentation -- The listening "I" -- What does God want? : Coherence, love, and the personality of God -- Of time, the body, and the city : belief, absence, and incompleteness -- Conclusion : the conflict and tragedy of culture.
648 7 _a2000-talet
_2sao
650 0 _aAnglicans
_zEngland
_zLondon
_xSocial conditions
_y21st century.
650 0 _aIdentification (Religion)
650 0 _aEvangelicalism
_xChurch of England.
650 7 _aEkumenik.
_2sao
650 7 _aAnglikanska kyrkan.
_2sao
650 7 _aEngland
_zLondon
_xsociala förhållanden.
_2sao
856 4 1 _uhttps://shibboleth2sp.gar.semcs.net/Shibboleth.sso/Login?entityID=https%3A%2F%2Fpassport01.leeds.ac.uk%2Fidp%2Fshibboleth&target=https%3A%2F%2Fshibboleth2sp.gar.semcs.net%2Fshib%3Fdest%3Dhttp%253A%252F%252Fwww.vlebooks.com%252FSHIBBOLETH%253Fdest%253Dhttp%25253A%25252F%25252Fwww.vlebooks.com%25252Fvleweb%25252Fproduct%25252Fopenreader%25253Fid%25253DLeedsUni%252526isbn%25253D9780191036545
_zView this book online, via VLeBooks, both on- and off-campus
906 _a7
_bcbc
_ccopycat
_d2
_encip
_f20
_gy-gencatlg
942 _2lcc
_cBK
_h764
_iSTR
_kBR